Statistics for Lesser Sunda Islands

Click here to take the quiz!

General Stats

  • This quiz has been taken 10 times
  • The average score is 5 of 10

Answer Stats

Island(s)% Correct
Bali
100%
Lombok
89%
Timor
78%
Flores
67%
Sumba
56%
Komodo
44%
Sumbawa
44%
Alor Archipelago
22%
Tanimbar Islands
11%
Barat Daya Islands
0%

Score Distribution

Percentile by Number Answered

Percent of People with Each Score

Your Score History

You have not taken this quiz